[Event "AUTO-MASTER-568"]
[Site "http://www.queenalice.com/game.php?id=435576"]
[Date "2008.7.19"]
[Round "1"]
[White "sephy"]
[Black "BEBADO"]
[Result "1-0"]
[WhiteElo "2046"]
[BlackElo "2220"]

1. e4 d5 2. exd5 Qxd5 3. Nc3 Qd6 4. d4 a6 5. Bd3 Nf6 6. Nge2 b5 7. Ne4 Nxe4 8.
Bxe4 c6 9. O-O Bb7 10. Bf4 Qd7 11. Qd3 e6 12. a4 b4 13. Rfe1 Bd6 14. Bxd6 Qxd6
15. Ng3 Nd7 16. Nf5 Qf8 17. Qg3 Kd8 18. Nd6 Ra7 19. Qf4 Ke7 20. Nxb7 Rxb7 21.
Bxc6 Ra7 22. d5 Qb8 23. Qg5+ Nf6 24. Qxg7 Rg8 25. Rxe6+ 1-0

[Event "AUTO-MASTER-568"]
[Site "http://www.queenalice.com/game.php?id=435577"]
[Date "2008.7.19"]
[Round "1"]
[White "BEBADO"]
[Black "sephy"]
[Result "0-1"]
[WhiteElo "2081"]
[BlackElo "2090"]

1. c4 c5 2. Nc3 Nc6 3. Nf3 g6 4. g3 Bg7 5. Bg2 d6 6. O-O Nf6 7. d4 cxd4 8. Nxd4
Bd7 9. Nc2 O-O 10. b3 Qa5 11. Qd2 Qh5 12. Ne3 Bh3 13. Bb2 Bxg2 14. Kxg2 Rac8 15.
Rac1 a6 16. Rfd1 Bh6 17. f4 Bg7 18. Ncd5 Ne4 19. Qc2 Bxb2 20. Qxb2 e5 21. Rf1 f5
22. b4 Rfe8 23. b5 Nd4 24. Rfe1 axb5 25. cxb5 Rxc1 26. Qxc1 Ne6 27. Qc2 exf4 28.
gxf4 Nxf4+ 29. Nxf4 Qg5+ 30. Kf3 Qh4 0-1

[Event "AUTO-MASTER-568"]
[Site "http://www.queenalice.com/game.php?id=435578"]
[Date "2008.7.19"]
[Round "1"]
[White "sephy"]
[Black "plutochess"]
[Result "1-0"]
[WhiteElo "2069"]
[BlackElo "1844"]

1. e4 c6 2. d4 d5 3. e5 Bf5 4. Nd2 Qb6 5. Ngf3 h6 6. Nb3 e6 7. Bd3 Ne7 8. Be2
Na6 9. O-O O-O-O 10. a3 Nc7 11. Bd2 a6 12. Ba5 Qa7 13. Rc1 1-0

[Event "AUTO-MASTER-568"]
[Site "http://www.queenalice.com/game.php?id=435579"]
[Date "2008.7.19"]
[Round "1"]
[White "plutochess"]
[Black "sephy"]
[Result "0-1"]
[WhiteElo "1837"]
[BlackElo "2076"]

1. d4 d5 2. Nf3 Nf6 3. e3 e6 4. Bd3 c5 5. c3 Nc6 6. O-O Bd6 7. Nbd2 e5 8. dxe5
Nxe5 9. Nxe5 Bxe5 10. Nf3 Bc7 11. Re1 O-O 12. Qc2 Bg4 0-1

[Event "AUTO-MASTER-568"]
[Site "http://www.queenalice.com/game.php?id=435580"]
[Date "2008.7.19"]
[Round "1"]
[White "sephy"]
[Black "jeantomasia"]
[Result "0-1"]
[WhiteElo "2103"]
[BlackElo "2108"]

1. e4 c5 2. Nf3 d6 3. d4 cxd4 4. Nxd4 Nf6 5. Nc3 a6 6. Be3 b5 7. Nd5 e6 8. Nxe6
fxe6 9. Bb6 Qd7 10. Nc7+ Kf7 11. Nxa8 Qb7 12. e5 dxe5 13. Qf3 e4 14. Qg3 Qxa8
15. O-O-O Be7 16. Be2 Nbd7 17. Be3 Qc6 18. Rd2 Bb7 19. Rhd1 Rc8 20. Kb1 Nb6 21.
h3 Nc4 22. Bxc4 Qxc4 23. Bd4 Bd5 24. b3 Qc6 25. Bb2 Bb4 26. Re2 Bc3 27. Bxc3
Qxc3 28. Qxc3 Rxc3 29. Kb2 Rc7 30. a3 Nd7 31. Re3 Nc5 32. Rd2 a5 33. h4 Kf6 34.
Rc3 h5 35. Rd1 a4 36. b4 Na6 37. Rg1 Rxc3 38. Kxc3 Kf5 39. Kd4 Bc4 40. Rd1 Nc7
41. Kc5 Nd5 42. Rd2 Ke5 43. g3 g6 44. Rd1 e3 45. fxe3 Nxe3 46. Rd2 Ke4 47. Rf2
Nf5 48. Rf4+ Ke5 49. Rxc4 bxc4 50. b5 Nd6 51. b6 c3 52. Kc6 Nc4 53. b7 Na5+ 54.
Kb6 Nxb7 0-1

[Event "AUTO-MASTER-568"]
[Site "http://www.queenalice.com/game.php?id=435581"]
[Date "2008.7.19"]
[Round "1"]
[White "jeantomasia"]
[Black "sephy"]
[Result "0-1"]
[WhiteElo "2095"]
[BlackElo "2027"]

1. e4 c5 2. Nf3 d6 3. d4 cxd4 4. Nxd4 Nf6 5. Nc3 g6 6. Be2 Bg7 7. Be3 O-O 8. O-O
Nc6 9. Kh1 d5 10. Nxc6 bxc6 11. exd5 cxd5 12. Bd4 e6 13. b3 Bb7 14. Bf3 Qb8 15.
Re1 Re8 16. Be5 Ng4 17. Bxb8 Nxf2+ 18. Kg1 Nxd1 19. Raxd1 Bxc3 20. Be5 Bxe1 21.
Rxe1 Rac8 22. c4 Ba6 23. cxd5 exd5 0-1

[Event "QA-ANNIV-04"]
[Site "http://www.queenalice.com/game.php?id=445690"]
[Date "2008.8.8"]
[Round "2"]
[White "vindaloo"]
[Black "sephy"]
[Result "0-1"]
[WhiteElo "1874"]
[BlackElo "2082"]

1. e4 c5 2. c3 d5 3. exd5 Qxd5 4. d4 cxd4 5. cxd4 Nc6 6. Nf3 e6 7. Nc3 Bb4 8.
Be2 Qa5 9. Bd2 Nf6 10. a3 Be7 11. O-O O-O 12. b4 Qd8 13. Be3 b6 14. Qc2 Bb7 15.
Rfd1 Rc8 16. Qb2 Nd5 17. Nxd5 Qxd5 18. Rac1 Bd6 19. Bd3 Ne7 20. Be2 Ng6 21. Rd2
Nf4 22. Bd1 Rxc1 23. Qxc1 Qf5 24. Bc2 Nh3+ 25. Kf1 Ba6+ 26. Ke1 Qg4 27. Bd3 Bxd3
28. Rxd3 Qxg2 29. Ke2 Qg4 30. Rd1 Qe4 31. Ne5 Nf4+ 32. Kf1 Qh1# 0-1

[Event "QA-ANNIV-04"]
[Site "http://www.queenalice.com/game.php?id=479348"]
[Date "2008.10.18"]
[Round "3"]
[White "sephy"]
[Black "David33"]
[Result "0-1"]
[WhiteElo "2105"]
[BlackElo "2425"]

1. e4 c5 2. Nf3 d6 3. d4 cxd4 4. Nxd4 Nf6 5. Nc3 a6 6. Bg5 e6 7. f4 Qb6 8. Nb3
Nbd7 9. Qf3 Be7 10. O-O-O Qc7 11. Bd3 b5 12. a3 Bb7 13. Rhe1 Nc5 14. Nxc5 dxc5
15. h3 h6 16. Bxf6 Bxf6 17. Na2 O-O 18. c3 Rad8 19. g3 c4 20. Bc2 a5 21. Kb1 Be7
22. Rxd8 Rxd8 23. Rd1 Bc5 24. Rxd8+ Qxd8 25. Qe2 Qb6 26. Qd2 Qd6 27. Qe2 e5 28.
Qh5 exf4 29. gxf4 Qe7 30. e5 Be3 31. Qf5 g6 32. Qg4 g5 33. Qf5 Kf8 34. Qh7 Ke8
35. Qh8+ Qf8 36. Qf6 gxf4 37. e6 Bd5 38. exf7+ Qxf7 39. Qxh6 Qe6 40. Qh8+ Kd7
41. Qh7+ Kc6 42. Bf5 Qd6 43. Qh5 Kb6 44. Qe2 Qe5 45. Bg4 f3 46. Qd1 f2 47. Ka1
Bg5 48. Be2 Kc7 49. Qf1 Qe3 50. a4 Bf3 51. Nc1 Qxc1+ 52. Qxc1 Bxc1 53. Bf1 bxa4
0-1

[Event "AUTO-MASTER-568"]
[Site "http://www.queenalice.com/game.php?id=514756"]
[Date "2008.12.30"]
[Round "2"]
[White "sephy"]
[Black "philipp84lemke"]
[Result "1/2-1/2"]
[WhiteElo "2110"]
[BlackElo "2124"]

1. e4 e5 2. Bc4 Nf6 3. Nc3 Nc6 4. d3 Be7 5. f4 d6 6. Nf3 O-O 7. f5 Nd4 8. Bg5 c6
9. Nxd4 exd4 10. Ne2 d5 11. exd5 Nxd5 12. Bxe7 Qxe7 13. Bxd5 cxd5 14. O-O Re8
15. Qd2 Bxf5 16. Nxd4 Bg6 17. Rae1 Qc5 18. c3 h6 19. a3 a5 20. Re3 1/2-1/2

[Event "AUTO-MASTER-568"]
[Site "http://www.queenalice.com/game.php?id=514757"]
[Date "2008.12.30"]
[Round "2"]
[White "philipp84lemke"]
[Black "sephy"]
[Result "1/2-1/2"]
[WhiteElo "2122"]
[BlackElo "2110"]

1. d4 d5 2. c4 c6 3. Nc3 Nf6 4. Bg5 Bf5 5. e3 Nbd7 6. Nf3 e6 7. cxd5 exd5 8. Bd3
Bxd3 9. Qxd3 Be7 10. O-O O-O 11. Rfe1 Ne4 12. Bxe7 Qxe7 13. Nd2 Nxd2 14. Qxd2
1/2-1/2

[Event "AUTO-MASTER-568"]
[Site "http://www.queenalice.com/game.php?id=514758"]
[Date "2008.12.30"]
[Round "2"]
[White "sephy"]
[Black "arauca"]
[Result "1-0"]
[WhiteElo "2110"]
[BlackElo "2187"]

1. e4 e5 2. Bc4 Nc6 3. Nc3 Bc5 4. d3 d6 5. Nf3 h6 6. Be3 Bb6 7. h3 Nf6 8. Qd2
Bxe3 9. fxe3 Na5 10. Bb3 Nxb3 11. axb3 c6 12. d4 Qc7 13. O-O O-O 14. b4 Re8 15.
d5 Bd7 16. Qd3 a5 17. bxa5 cxd5 18. Nxd5 Nxd5 19. Qxd5 Be6 20. Qd3 Rec8 21. Rf2
Bc4 22. Qd2 b6 23. b3 Be6 24. a6 Ra7 25. Qd3 Kf8 26. Rd1 Ke7 27. Rfd2 Qc5 28.
Qxd6+ Qxd6 29. Rxd6 Rxc2 30. Rxb6 Rc3 31. Nxe5 Rac7 32. Ra1 Rc1+ 33. Rxc1 1-0

[Event "AUTO-MASTER-568"]
[Site "http://www.queenalice.com/game.php?id=514759"]
[Date "2008.12.30"]
[Round "2"]
[White "arauca"]
[Black "sephy"]
[Result "0-1"]
[WhiteElo "2197"]
[BlackElo "2124"]

1. e4 c5 2. Nf3 d6 3. d4 cxd4 4. Nxd4 Nf6 5. Nc3 g6 6. Be3 Bg7 7. f3 O-O 8. Qd2
Bd7 9. O-O-O Nc6 10. Nxc6 bxc6 11. h4 c5 12. Bh6 Qb6 13. h5 Rfb8 14. b3 Bh8 15.
g4 Qb4 16. Kb1 Bc6 17. hxg6 hxg6 18. Bg5 Bg7 19. Bxf6 Bxf6 20. Nd5 Bxd5 21. Qxb4
Rxb4 22. exd5 Rab8 23. c4 a5 24. Kc2 a4 25. Rb1 axb3+ 26. Rxb3 Ra8 27. Kb1 Be5
28. Rxb4 cxb4 29. f4 Bxf4 30. Rh3 Kg7 31. Be2 Kf6 32. Bd1 Be5 33. Bb3 Kg5 34.
Rh7 Kxg4 35. Rxf7 Bf6 36. Rh7 Kf3 37. Kc1 g5 38. Kd2 g4 39. Ke1 g3 40. Bd1+ Kf4
0-1

[Event "AUTO-MASTER-568"]
[Site "http://www.queenalice.com/game.php?id=514760"]
[Date "2008.12.30"]
[Round "2"]
[White "sephy"]
[Black "Bebeto"]
[Result "1-0"]
[WhiteElo "2138"]
[BlackElo "2102"]

1. e4 e5 2. Bc4 Nf6 3. Nc3 Be7 4. d3 O-O 5. f4 exf4 6. Bxf4 d6 7. Nf3 Nh5 8. Be3
Bg4 9. O-O Bh4 10. h3 Be6 11. Nxh4 Qxh4 12. Bxe6 fxe6 13. Rxf8+ Kxf8 14. Qf3+
Kg8 15. Rf1 Nd7 16. Qf7+ Kh8 17. Qxd7 e5 18. Qxc7 Re8 19. Qxd6 Nf4 20. Bxf4 exf4
21. Rxf4 1-0

[Event "AUTO-MASTER-568"]
[Site "http://www.queenalice.com/game.php?id=514761"]
[Date "2008.12.30"]
[Round "2"]
[White "Bebeto"]
[Black "sephy"]
[Result "1/2-1/2"]
[WhiteElo "2114"]
[BlackElo "2110"]

1. e4 c5 2. Nf3 Nc6 3. Nc3 g6 4. Bc4 Bg7 5. O-O d6 6. Re1 Nf6 7. a3 O-O 8. h3 e6
9. d3 d5 10. exd5 exd5 11. Ba2 d4 12. Ne4 Nxe4 13. Rxe4 Bf5 14. Re1 Qd7 15. Bf4
Rae8 16. Qd2 Be6 1/2-1/2

[Event "QA-ANNIV-04"]
[Site "http://www.queenalice.com/game.php?id=578057"]
[Date "2009.4.26"]
[Round "5"]
[White "sephy"]
[Black "simonjscott"]
[Result "1-0"]
[WhiteElo "2149"]
[BlackElo "2000"]

1. e4 e6 2. d4 d5 3. Nc3 Bb4 4. e5 c5 5. a3 Bxc3+ 6. bxc3 Qc7 7. Nf3 Ne7 8. Rb1
Bd7 9. Bd3 c4 10. Be2 Nbc6 11. O-O h6 12. Nh4 O-O-O 13. f4 Rdg8 14. Nf3 Qd8 15.
Qd2 Nf5 16. a4 f6 17. Ba3 g5 18. exf6 Qxf6 19. Ne5 Nxe5 20. fxe5 Qg6 21. a5 h5
22. Bc5 a6 23. Rb6 g4 24. Rfb1 Bb5 25. Rf1 h4 26. Rf4 Qh6 27. Ba3 Rh7 28. Bc1
Ng3 29. Bxg4 Rxg4 30. Rxg4 Ne2+ 31. Qxe2 Qxc1+ 32. Qf1 Qe3+ 33. Kh1 Be8 34. Rg8
1-0

[Event "QA-ANNIV-04"]
[Site "http://www.queenalice.com/game.php?id=644210"]
[Date "2009.8.29"]
[Round "6"]
[White "iggis"]
[Black "sephy"]
[Result "1-0"]
[WhiteElo "2321"]
[BlackElo "2157"]

1. e4 c5 2. Nf3 d6 3. Bc4 Nf6 4. Nc3 Nc6 5. d4 cxd4 6. Nxd4 g6 7. Nxc6 bxc6 8.
e5 Ng4 9. e6 f5 10. Qd4 Nf6 11. Bb3 Bg7 12. Qa4 Qc7 13. Nd5 Nxd5 14. Bxd5 O-O
15. Qxc6 Qxc6 16. Bxc6 Rb8 17. Bd5 Bb7 18. Bxb7 Rxb7 19. Kd2 Rfb8 20. Re1 Bh6+
21. Kd1 Bxc1 22. Kxc1 Rxb2 23. Re3 R2b5 24. Ra3 a5 25. Rb3 a4 26. Rxb5 Rxb5 27.
Rb1 Re5 28. Rb4 Re2 29. Rxa4 Rxf2 30. Rb4 Rxg2 31. a4 Re2 32. a5 Re5 33. Ra4 Rb5
34. Kd2 Kg7 35. Kd3 Kf6 36. a6 Rb8 37. Kc4 Kxe6 38. a7 Ra8 39. Kb5 Kd7 40. Kb6
Kc8 41. Rc4+ Kd7 42. Rc7+ Ke6 43. Kb7 Rd8 44. Rc8 Rd7+ 45. Kb6 Rxa7 46. Kxa7 f4
47. Kb6 g5 48. Kb5 f3 49. Kc4 g4 50. Rf8 Ke5 51. Kd3 d5 52. c3 h5 53. Ke3 e6 54.
Rh8 1-0

[Event "QA-ANNIV-04"]
[Site "http://www.queenalice.com/game.php?id=695042"]
[Date "2009.12.9"]
[Round "7"]
[White "sephy"]
[Black "Hakkinen"]
[Result "1-0"]
[WhiteElo "2150"]
[BlackElo "1861"]

1. e4 e5 2. Bc4 Nc6 3. d3 Nf6 4. Nc3 Bb4 5. Ne2 O-O 6. O-O d6 7. Nd5 Nxd5 8.
Bxd5 Ne7 9. Bb3 Bg4 10. c3 Bc5 11. Kh1 Ng6 12. f3 Bd7 13. f4 exf4 14. Nxf4 Nxf4
15. Bxf4 Be6 16. d4 Bb6 17. a4 a5 18. Bxe6 fxe6 19. Qg4 Qf6 20. Rf3 Qe7 21. Raf1
d5 22. Be5 Rxf3 23. Rxf3 Rf8 24. Rxf8+ Qxf8 25. Qxe6+ Qf7 26. exd5 Kf8 27. Qc8+
Ke7 28. d6+ cxd6 29. Qxb7+ 1-0

[Event "Challenge"]
[Site "http://www.queenalice.com/game.php?id=742072"]
[Date "2010.3.6"]
[Round "-"]
[White "sephy"]
[Black "patlang"]
[Result "1-0"]
[WhiteElo "2137"]
[BlackElo "1982"]

1. e4 c5 2. Nf3 e6 3. d4 cxd4 4. Nxd4 Nc6 5. Nc3 Bb4 6. Nxc6 bxc6 7. Qd4 Bxc3+
8. Qxc3 Qf6 9. Qg3 Ne7 10. e5 Qg6 11. Bd3 Qxg3 12. hxg3 h6 13. Bd2 Bb7 14. Rd1
O-O-O 15. Bb4 Nd5 16. Bc5 Kb8 17. a4 a6 18. c4 Nc7 19. Be2 Kc8 20. b4 g6 21. g4
g5 22. Be7 Rde8 23. Bf6 c5 24. Bxh8 Rxh8 25. b5 axb5 26. cxb5 Bxg2 27. Rh2 Bd5
28. b6 Na8 29. a5 Kb7 30. Bb5 Bc6 31. Bxc6+ Kxc6 32. Rd6+ Kb5 33. b7 Nc7 34.
Rb6+ Kxa5 35. b8=Q 1-0

[Event "ISPED 3 "]
[Site "http://www.queenalice.com/game.php?id=748392"]
[Date "2010.3.19"]
[Round "-"]
[White "shunky"]
[Black "sephy"]
[Result "0-1"]
[WhiteElo "1100"]
[BlackElo "2154"]

1. c4 e5 2. Nf3 e4 3. Nd4 d5 4. e3 c5 5. Nb5 dxc4 6. Qa4 Nc6 7. Bxc4 Bd7 8. Qc2
f5 9. N1c3 a6 10. Na3 b5 11. Bd5 Nge7 12. Nab1 Nb4 13. Qd1 Nexd5 14. a4 Nd3+ 15.
Ke2 Qh4 16. Qf1 Be6 17. g3 Qh5+ 18. f3 Nxc3+ 19. dxc3 Bc4 20. Na3 Nxc1+ 0-1

[Event "ISPED 4"]
[Site "http://www.queenalice.com/game.php?id=756979"]
[Date "2010.4.6"]
[Round "-"]
[White "sephy"]
[Black "shunky"]
[Result "1-0"]
[WhiteElo "2155"]
[BlackElo "1100"]

1. e4 e5 2. Bc4 Nf6 3. Nc3 c6 4. d4 d6 5. dxe5 dxe5 6. Bxf7+ Ke7 7. Qxd8+ Kxd8
8. Bg5 h6 9. O-O-O+ Nd7 10. Bh4 g5 11. Bg3 Bd6 12. Rxd6 Ke7 13. Rxd7+ Bxd7 14.
Bb3 Kd6 15. Nf3 Rhf8 16. Nxe5 Rae8 17. Ng6+ 1-0